Battlestar Galactica Characters Quiz Stats

 Plays Quiz Updated Feb 7, 2020

Support Sporcle.
Go Orange.
Score 0/30 Timer 07:00
2 Plays Today
Description Character % Correct
Pilot and politicianLee 'Apollo' Adama
97.3%
Commander of GalacticaWilliam Adama
96.4%
PilotKara 'Starbuck' Thrace
95.9%
Raptor pilot and Cylon Model EightSharon Valerii
86.4%
Scientist and politicianGaius Baltar
84.5%
XO of GalacticaSaul Tigh
78.9%
Wife of the XOEllen Tigh
75.8%
PresidentLaura Roslin
73.6%
Deck crew member and wife of deck chiefCally Tyrol
65.9%
PilotBrenden 'Hotdog' Costanza
65.4%
PilotKarl 'Helo' Agathon
64.8%
Deck chief of GalacticaGalen Tyrol
64.2%
Cylon Model SixCaprica
62.8%
Pyramid playerSam Anders
62.5%
Half human/half Cylon hybrid childHera
58.5%
Description Character % Correct
Tactical officer of GalacticaFelix Gaeta
57.8%
Assistant to the PresidentBilly Keikeya
53.4%
PilotLouanne 'Kat' Katraine
47%
Communications officer of GalacticaAnastasia Dualla
43.9%
Cylon Model TwoLeoben Conoy
42.4%
PoliticianTom Zarek
42.2%
Cylon Model OneBrother Cavil
42.1%
Assistant to the PresidentTory Foster
41.7%
PilotMargaret 'Racetrack' Edmonson
40.9%
Doctor on CapricaDoc Cottle
40.8%
Cylon Model ThreeD'Anna Biers
40.5%
Commander of PegasusHelena Cain
40.3%
Cylon Model FourSimon
31.5%
Cylon Model FiveAaron Doral
26.5%
LawyerRomo Lampkin
23.5%

From the Vault

True or False Blitz: 19th Century

by Smeddlesboy

History 2m
Normally you hope for your history to be 100% true.
Remove Ads.
Support Sporcle.
Get the best of Sporcle when you Go Orange. This ad-free experience offers more features, more stats, and more fun while also helping to support Sporcle. Thank you for becoming a member.

Show Comments

Extras

Top Quizzes Today


Score Distribution

Your Account Isn't Verified!

In order to create a playlist on Sporcle, you need to verify the email address you used during registration. Go to your Sporcle Settings to finish the process.

Report this User

Report this user for behavior that violates our Community Guidelines.

Details: